Assasin's Creed Odyssey Quiz #1 - Statystyki

Ogólne statystyki
  • Ten quiz został rozwiązany 132 razy
  • Średni wynik to 5 z 6
Statystyki odpowiedzi
Zagadnienie Odpowiedź % Poprawnych
Kto zabił febe w kaplicy, w aglomeracji ateńskiej?
90%
W której z tych bitew, umiera legendarny przywódca grecki co widzi główny bohater w swojej wizji, i czyją włócznią włada? (Pierwsza to bitwa pod maratonem a druga pod termopilami)
90%
Do którego z tej dwójki aleksios powiedział "to nie bywałe że dyskutujecie cały wieczór i jeszcze żaden z was nie ma podbitego oka" podczas bankietu u peryklesa?
88%
Która z tych postaci ma pseudonim "Dejmonia" w środowisku czcicieli kosmosa?
80%
Którą z tych wysp władała myrrine? (Pierwsza to Mykonos druga to Naksos)
80%
Jaki przedmiot dostajemy za ukończenie misji "Ostateczne uderzenie" czyli za to, w którym możemy zabić ojca po bitwie, w megarze?
70%
Nie znaleziono quizów pasujących do podanych kryteriów
Rozkład punktacji
Procent ludzi z każdym wynikiem
Percentyl według liczby udzielonych odpowiedzi
Twoja historia wyników
Nie rozwiązałeś tego quizu